Normal view
MARC view
- Hammer, Mark J
Entry Personal Name
001 - CONTROL NUMBER
- control field: 126
003 - CONTROL NUMBER IDENTIFIER
- control field: OSt
005 - DATE AND TIME OF LATEST TRANSACTION
- control field: 20141209113512.0
008 - FIXED-LENGTH DATA ELEMENTS
- fixed length control field: 141209|| aca||aabn | a|a d
040 ## - CATALOGING SOURCE
- Original cataloging agency: OSt
- Transcribing agency: OSt
100 ## - HEADING--PERSONAL NAME
- Personal name: Hammer, Mark J
670 ## - SOURCE DATA FOUND
- Source citation: Work cat.: (OSt): Hammer, Mark J Hammer, Mark Jr, Water and Wastwater Technology , 2012
